000
00299nam a22001337a 4500
082
_a
894.812.3
_b
SUD/S
100
_a
SUDHEESH, VR
245
_a
SUDHEESHINTE CHERUKADHAKAL
250
_a
FIRST
260
_a
KOLLAM
_b
IMPRINT BOOKS
_c
1996
300
_a
53
650
_a
SHORT STORY
_z
KERALA
942
_c
BK
999
_c
1352
_d
1352